| 000 | 00914cam a2200277 4500 | ||
|---|---|---|---|
| 008 | 090401t1998 xxu||||| |||| 00| 0 eng d | ||
| 020 | _a0727725998 | ||
| 035 | _a(Sirsi) u85797 | ||
| 041 | _aeng | ||
| 050 | _a658.99 | ||
| 100 | _aCox, Andrew | ||
| 245 | _aStrategic procurement in construction : towards better practice in the management of construction supply chains. | ||
| 260 |
_aLondon _bThomas Telford Publishing _c1998 |
||
| 300 | _a346p. ; 24cm. | ||
| 350 | _a35 | ||
| 520 | _aProvides a general overview of construction procurement as well as case studies of different procurement practices in the UK, US and Japan. | ||
| 650 | _aCONSTRUCTION INDUSTRY | ||
| 650 |
_aCONSTRUCTION MANAGEMENT _96230 |
||
| 650 | _aCONSTRUCTION PROCUREMENT | ||
| 650 | _aJAPAN | ||
| 650 | _aUNITED STATES | ||
| 690 | _aBUILT ENVIRONMENT | ||
| 700 | _aTownsend, Mike | ||
| 942 | _n0 | ||
| 948 | _c27/04/1998 | ||
| 999 |
_c97078 _d97078 |
||